A la découverte de l'alphabétisation : (Record no. 17721)

MARC details
000 -CABECERA
campo de control de longitud fija 00584nam a2200181 a 4500
005 - FECHA Y HORA DE LA ÚLTIMA TRANSACCIÓN
campo de control 20240810063748.0
008 - ELEMENTOS DE LONGITUD FIJA--INFORMACIÓN GENERAL
campo de control de longitud fija 991125s2006 fr 000 0 fre u
020 ## - NÚMERO INTERNACIONAL NORMALIZADO PARA LIBROS
Número Internacional Estándar del Libro 9282020843
035 ## - NÚMERO DE CONTROL DEL SISTEMA
Número de control de sistema UPN01000017721
049 ## - COLECCIÓN
Colección UNE
050 #4 - SIGNATURA TOPOGRÁFICA DE LA BIBLIOTECA DEL CONGRESO
Número de clasificación LC155 M6
Número de documento/Ítem K3.2
100 1# - ASIENTO PRINCIPAL--NOMBRE PERSONAL
Nombre de persona Kalman Landman, Judith,
Fechas asociadas al nombre 1954-
9 (RLIN) 31731
245 10 - MENCIÓN DE TÍTULO
Título A la découverte de l'alphabétisation :
Resto del título voies d'accés vers la culture de... /
Mención de responsabilidad, etc. Judith Kalman.
260 ## - PUBLICACIÓN, DISTRIBUCIÓN, ETC.
Lugar de publicación, distribución, etc. Hambourg, Ale. :
Nombre del editor, distribuidor, etc. UNESCO,
Fecha de publicación, distribución, etc. c2006.
300 ## - DESCRIPCIÓN FÍSICA
Extensión viii, 171 p. :
Otras características físicas tablas
650 #4 - ASIENTO SECUNDARIO DE MATERIA - TERMINO TEMATICO
Término de materia o nombre geográfico como elemento de entrada Alfabetización (Educación)
Subdivisión geográfica México
9 (RLIN) 1948
905 ## - TIPO DE MATERIAL
Tipo de material Libro
Holdings
Estado de retiro Estado de pérdida Fuente del sistema de clasificación o colocación Estado dañado No para préstamo Código de colección Localización permanente Ubicación/localización actual Ubicación en estantería Fecha de adquisición Enumeración/cronología de publicación seriada Clasificación Código de barras Fecha visto por última vez Número de copia Tipo de ítem Koha
    Library of Congress Classification   Disponible (Préstamo en sala) UNESCO Bib. Gregorio Torres Quintero Bib. Gregorio Torres Quintero Colecciones especiales Planta alta 03/02/2023 Donación UNESCO LC155 M6 K3.2 U352 31/12/2020 1 Libro